The Etruscans /

محفوظ في:

المؤلف الرئيسي: Pallottino, Massimo (مؤلف)

مؤلفون آخرون: Cremona, Joe, 1922-2003

التنسيق: كتاب

اللغة: English
Italian

منشور في: [Harmondsworth, Middlesex] : Penguin Books, 1956, ©1955.

سلاسل: Pelican books ; A310.

الموضوعات:

الوسوم: إضافة وسم

لا توجد وسوم, كن أول من يضع وسما على هذه التسجيلة!

رقم الطلب: DG223 .P283 1956

LEADER 01007nam a22003251 4500
001 6316
003 OSt
005 20260115112810.0
008 130303t19561955enkabf b 000 0 eng d
010 |a 56000053 
015 |a GB55-6942 
040 |c ARCE Library 
041 1 |a eng  |h ita 
050 4 |a DG223 .P283 1956 
100 1 |a Pallottino, Massimo,  |e author  |9 37255 
240 1 0 |a Etruscologia.  |l English 
245 1 4 |a The Etruscans /  |c Massimo Pallottino ; Translated from the Italian by J. Cremona. 
264 1 |a [Harmondsworth, Middlesex] :  |b Penguin Books,  |c 1956, ©1955. 
300 |a 295 pages :   |b illustrations, 32 plates, maps ;   |c 18 cm. 
490 1 |a Pelican books ;  |v A310. 
500 |a Translation of Etruscologia. 
504 |a Bibliography : pages [281]-282. 
650 0 |a Etruscans. 
650 0 |a Etruscan language. 
651 0 |a Etruria  |x History. 
700 1 |a Cremona, Joe,  |d 1922-2003,  |9 28416 
830 0 |a Pelican books ;  |v A310. 
901 |a reviewed 
942 |c BK  |2 lcc 
999 |c 8389  |d 8389